Aprendizaje informal y construcción de PLN vía twitter. Un estudio de caso (Record no. 178675)
[ view plain ]
| 000 -CABECERA | |
|---|---|
| campo de control de longitud fija | 01476nab a2200301 a 4500 |
| 005 - FECHA Y HORA DE LA ÚLTIMA TRANSACCIÓN | |
| campo de control | 20260112104723.0 |
| 008 - ELEMENTOS DE LONGITUD FIJA--INFORMACIÓN GENERAL | |
| campo de control de longitud fija | 991125c2015 sp qr p o 000 0 spa d |
| 035 ## - NÚMERO DE CONTROL DEL SISTEMA | |
| Número de control de sistema | UPN01000206574 |
| 040 ## - FUENTE DE LA CATALOGACIÓN | |
| Centro catalogador/agencia de origen | MX-MxUPN |
| Lengua de catalogación | spa |
| Centro/agencia transcriptor | MX-MxUPN |
| Normas de descripción | aacr2 |
| 049 ## - COLECCIÓN | |
| Colección | ART-E |
| 100 1# - ASIENTO PRINCIPAL--NOMBRE PERSONAL | |
| Nombre de persona | Cuadros Muñoz, Roberto |
| 100 1# - ASIENTO PRINCIPAL--NOMBRE PERSONAL | |
| Filiación | rcuadros@us.es |
| 245 10 - MENCIÓN DE TÍTULO | |
| Título | Aprendizaje informal y construcción de PLN vía twitter. Un estudio de caso |
| 506 0# - NOTA DE RESTRICCIONES AL ACCESO | |
| Limitaciones de acceso | Acceso abierto |
| 520 3# - NOTA DE RESUMEN, ETC. | |
| Sumario, etc. | Este trabajo plantea cómo los seguidores de una cuenta de Twitter de carácter corporativo e interdisciplinar sobre la competencia lectora (@ComprensLectora), construyen sus propias redes personales de aprendizaje (PLN), siguiendo un aprendizaje informal. Comprobamos cómo las listas, retuits y las características particulares de la interacción, dinamizan y flexibilizan dicho aprendizaje, que se expande con blogs, webs y conexiones sociales. |
| 650 #4 - ASIENTO SECUNDARIO DE MATERIA - TERMINO TEMATICO | |
| Término de materia o nombre geográfico como elemento de entrada | Tecnologías de la información y comunicación |
| 9 (RLIN) | 21219 |
| 650 #4 - ASIENTO SECUNDARIO DE MATERIA - TERMINO TEMATICO | |
| Término de materia o nombre geográfico como elemento de entrada | Redes sociales |
| 9 (RLIN) | 15749 |
| 653 0# - TERMINO DE INDIZACION - NO CONTROLADO | |
| Término no controlado | |
| 653 0# - TERMINO DE INDIZACION - NO CONTROLADO | |
| Término no controlado | Competencia lectora |
| 653 0# - TERMINO DE INDIZACION - NO CONTROLADO | |
| Término no controlado | Retuit |
| 653 0# - TERMINO DE INDIZACION - NO CONTROLADO | |
| Término no controlado | Redes personales de aprendizaje |
| 773 ## - ENLACE AL DOCUMENTO FUENTE/ENTRADA DE REGISTRO ANFITRIÓN | |
| Parte(s) relacionada(s) | No. 51 (2015), p. 1-18 |
| Título | Edutec : revista electrónica de tecnología educativa |
| Número Internacional Normalizado para Publicaciones Seriadas | 1135-9250 |
| 856 4# - LOCALIZACIÓN Y ACCESO ELECTRÓNICOS | |
| Identificador Uniforme del Recurso | <a href="https://www.edutec.es/revista/index.php/edutec-e/article/view/53">https://www.edutec.es/revista/index.php/edutec-e/article/view/53</a> |
| 856 4# - LOCALIZACIÓN Y ACCESO ELECTRÓNICOS | |
| Identificador Uniforme del Recurso | <a href="https://doi.org/10.21556/edutec.2015.51.53">https://doi.org/10.21556/edutec.2015.51.53</a> |
| 902 ## - ELEMENTOS DE DATOS B LOCAL, LDB (RLIN) | |
| Creó | Gloria Jiménez/120126 |
| 905 ## - TIPO DE MATERIAL | |
| Tipo de material | Articulo |
| 942 ## - ELEMENTOS DE PUNTO DE ACCESO ADICIONAL (KOHA) | |
| Tipo de ítem Koha | Artículo Electrónico |
| Estado de retiro | Estado de pérdida | Estado dañado | No para préstamo | Código de colección | Localización permanente | Ubicación/localización actual | Ubicación en estantería | Fecha de adquisición | Total de préstamos | Fecha visto por última vez | Identificador Uniforme del Recurso | Precio válido a partir de | Tipo de ítem Koha |
|---|---|---|---|---|---|---|---|---|---|---|---|---|---|
| Acceso abierto | Bib. Gregorio Torres Quintero | Bib. Gregorio Torres Quintero | En línea | 12/01/2026 | 12/01/2026 | https://doi.org/10.21556/edutec.2015.51.53 | 12/01/2026 | Artículo Electrónico |
